000 01088nam a2200313 i 4500
001 10762
003 KOSZ 005
005 20211014130611.0
008 080504s1962 pl a f 000 0 pol
015 _aPB 1962/3265
040 _aWA N
_cWA N
_dKOSZ 005/RW
_dKOSZ 005/HR
046 _k1962
080 _a621.318
080 _a620.1/.2
080 _a537.8
100 1 _aKuryłowicz, Jarosław
_eAutor
245 1 0 _aBadania materiałów magnetycznych /
_cJarosław Kuryłowicz.
260 _aWarszawa :
_bWydawnictwa Naukowo-Techniczne,
_c1962.
300 _a299, [1] s. :
_bil. ;
_c24 cm.
380 _aKsiążki.
504 _aBibliogr. s. 294-[300].
521 8 _aDla techników i inżynierów oraz jako pomoc naukowa dla słuchaczy szkół wyższych.
650 4 _aMateriały magnetyczne
650 4 _aMateriałoznawstwo
658 _aInżynieria i technika
710 2 _aWydawnictwa Naukowo-Techniczne
_4pbl.
856 _uhttp://koha.tu.koszalin.pl/cgi-bin/koha/opac-detail.pl?biblionumber=10762
_yKatalog online BPK
942 _2UKD
_cKS
999 _c10762
_d10762